000 00607nam a2200229Ia 4500
003 OSt
005 20220923230534.0
006 a|||||r|||| 00| 0
007 ta
008 Pun
024 _a283,009
037 _cTextual
040 _aARTS
_cARTS
_bPun
041 _2Pun
_aPun
082 _aO153,3N33,NS, L2;M0
100 _aਸਿੰਘ, ਨਿਰੰਜਨ
_9156291
245 0 _aਨਵਾਂ ਸਮਾਜ
260 _c1972
650 _aਪੰਜਾਬੀ ਸਾਹਿਤ
942 _hO153,3N33,NS, L2;M0
_cTEXL
_2CC
999 _c385553
_d385553